000 00326nam a22001217a 4500
020 _a1556153848
082 _222
_a005.43
100 _aMicrosoft Press,
245 _aThe windows interface :
_ban application design guide /
260 _aUSA,
_bMicrosoft Press,
_cc1992.
300 _axi, 228p. ;
_bill. ;
_c23 cm.
942 _2ddc
_cIT
999 _c2222
_d2222